000 00425nam a2200181Ia 4500
005 20250423094610.0
008 250422s9999 xx 000 0 und d
020 _a9780618888306
050 _aQH 308.2 .N69/
100 _aNowicki, Stephen
245 0 _aBiology: the dynamics of life
260 _aEvanston
260 _bMcDougal Littell
260 _c2008
300 _a1052 p
650 _aBiology
942 _cBK
999 _c27725
_d27725